[Event "CCCSA GM Norm A 2019"]
[Site "Charlotte"]
[Date "2019.06.06"]
[Round "1"]
[White "Jacobson, Brandon"]
[Black "Grigoryan, Karen H."]
[Result "0-1"]
[WhiteElo "2503"]
[BlackElo "2532"]
[Annotator "TA"]
[PlyCount "84"]
[EventDate "2019.06.05"]
[EventType "tourn"]
[EventCountry "USA"]
[SourceTitle "playchess.com"]
[Source "ChessBase"]
[SourceQuality "1"]

{[%evp 9,84,14,21,21,16,24,30,27,43,40,36,31,40,55,41,9,21,4,6,16,22,-3,-10,-10,-8,-5,15,-14,0,0,0,0,82,0,9,-64,-66,-69,-13,-18,-7,-102,0,0,41,38,76,58,112,105,110,63,86,98,124,-476,-443,-474,-446,-513,-468,-589,-473,-29973,-29974,-29990,-29991,-29991,-29992,-29992,-29977,-29977,-29977,-29989,-29988,-29995,-29996]} 1. c4 e5 2. Nc3 Bb4 3. Nd5 Bc5 4. Nf3 c6 5. Nc3 d6 6. e3 {A21: English Opening: 1...e5 2 Nc3} (6. d4 exd4 7. Nxd4 Nf6 8. a3 d5 9. cxd5 Nxd5 10. Nb3 Bb6 11. Nxd5 cxd5 12. g3 Nc6 {1-0 (41) So,W (2765)-Saric,I (2690) chess.com INT 2019}) 6... Qe7 7. d4 Bb4 8. Qb3 {White has an edge.} c5 $146 {With the idea ...exd4.} ({Predecessor:} 8... Ba5 9. Qa3 Bc7 10. Be2 e4 11. Nd2 Nf6 12. O-O O-O {1-0 (41) Gordon,S (2510)-Romanov,E (2636) Llucmajor 2017}) 9. Be2 Nf6 10. O-O e4 11. Nd2 O-O 12. a3 Ba5 13. Qc2 {[%cal Rd2e4]} Bf5 14. b4 cxb4 15. Nb3 bxc3 16. Nxa5 d5 17. c5 Nc6 18. Nxc6 bxc6 19. Qxc3 Bg4 20. Ba6 Qe6 (20... Bc8 $11 21. Bxc8 Rfxc8) 21. Re1 (21. Qa5 $16) 21... h5 $11 22. Bf1 ({White should try} 22. Qa5 $11) 22... h4 $1 $15 23. h3 Bf5 (23... Bh5 $1 $15) 24. Qa5 $1 $11 Rfc8 25. Qa6 (25. Ba6 $11 {remains equal.}) 25... Nh7 (25... g5 $1 $17) 26. Qe2 Qg6 {Threatens to win with ...Bxh3.} 27. Kh1 Ng5 28. Bd2 a5 (28... Bd7 $14) 29. Reb1 $16 Re8 30. Rb6 Re6 31. Rab1 Kh7 32. Rb8 $2 {[%mdl 8192]} (32. Qe1 $16 {and life is bright.}) 32... Rxb8 $19 33. Rxb8 {[#] And now Qa6 would win.} Bxh3 $1 34. Bxa5 {[#]} ({Much weaker is} 34. gxh3 Nf3) 34... Nf3 $1 35. Bc7 Qg4 {( -> ...Rg6)} 36. gxf3 (36. Bh2 $19 Rg6 37. Qxf3 (37. gxh3 $2 {gets mated.} Qg1+ {[%mdl 64] Back Rank} 38. Bxg1 Rxg1#) 37... exf3 38. gxh3) 36... exf3 {Black mates.} 37. Qd3+ Rg6 {[%csl Gg6][%cal Rg4g1]} 38. Bh2 Bg2+ 39. Kg1 Qh3 40. Qxg6+ fxg6 41. Ba6 Qf5 42. Bf4 Qc2 0-1

[Event "CCCSA GM Norm A 2019"]
[Site "Charlotte"]
[Date "2019.06.06"]
[Round "1"]
[White "Ringoir, Tanguy"]
[Black "Zierk, Steven"]
[Result "0-1"]
[WhiteElo "2500"]
[BlackElo "2500"]
[Annotator "TA"]
[PlyCount "88"]
[EventDate "2019.06.05"]
[EventType "tourn"]
[EventCountry "USA"]
[SourceTitle "playchess.com"]
[Source "ChessBase"]
[SourceQuality "1"]

{[%evp 18,88,25,38,14,18,12,11,34,30,33,30,30,21,35,26,33,35,49,17,71,71,69,51,50,0,0,0,0,-90,-90,-90,-75,-75,-86,-78,-52,-60,-43,-105,-116,-110,-128,-124,-125,-193,-146,-162,-139,-141,-133,-221,-225,-216,-184,-220,-208,-307,-305,-337,-329,-326,-315,-388,-360,-653,-614,-1790,-1702,-1724,-1791,-1948,-1628]} 1. d4 d5 2. c4 dxc4 3. e3 e6 4. Bxc4 c5 5. Nf3 Nf6 6. O-O a6 7. dxc5 Qxd1 8. Rxd1 Bxc5 9. Be2 O-O 10. Nbd2 {[%cal Bb1d2,Bd2b3,Bb3a5][%mdl 32]} Rd8 {D27: Queen's Gambit Accepted: Classical main line: 7 e4!? and 7 a4} 11. a3 b5 12. b4 Be7 {The position is equal.} 13. Bb2 Bb7 14. Nb3 Nc6 15. Ne1 Rxd1 16. Rxd1 Rd8 {[#]} 17. Nd3 $146 ({Predecessor:} 17. Rxd8+ Nxd8 18. f3 Nd7 19. e4 e5 20. g3 f6 21. Bf1 Kf7 {½-½ (29) So,W (2754)-Wei,Y (2736) Abidjan 2019}) 17... Nb8 18. Na5 Bd5 (18... Be4 $11) 19. Rc1 $16 Nfd7 20. Nf4 Ba8 21. Bf3 Bxf3 22. gxf3 Nb6 23. Bd4 {[#]} (23. Kf1 $11) 23... Rxd4 $1 $17 24. exd4 {Black must now prevent Nc6.} Bg5 25. Nd3 Bxc1 26. Nxc1 {[%mdl 4096] Endgame KNN-KNN} Nd5 27. Nd3 Kf8 28. f4 ({White should play} 28. Kf1 $15) 28... Ke7 29. Kg2 Nc3 30. Kf3 Nb1 31. d5 (31. Ke2 $17) 31... exd5 32. Ke3 Nxa3 {...Nc4+ is the strong threat.} 33. Kd4 Ke6 34. f5+ (34. Nb7 $17 {keeps fighting.}) 34... Kxf5 $19 35. Kxd5 Nd7 36. Kd6 Nf6 37. Ke7 (37. Nc6 $142) 37... g5 38. Kxf7 Nd5 39. Nc6 Nc2 40. f3 h5 41. h3 $2 (41. Kg7) 41... h4 {Black is clearly winning.} 42. Kg7 {[#] and if Kf7 works, White does fine.} Ndxb4 $1 {[%mdl 576] Remove Defender} 43. Ndxb4 (43. Ncxb4 Nxb4) 43... Nxb4 44. Nxb4 a5 {Accuracy: White = 33%, Black = 74%.} 0-1

[Event "CCCSA GM Norm A 2019"]
[Site "Charlotte"]
[Date "2019.06.06"]
[Round "1"]
[White "Korley, Kassa"]
[Black "Gauri, Shankar"]
[Result "1/2-1/2"]
[WhiteElo "2468"]
[BlackElo "2375"]
[Annotator "TA"]
[PlyCount "86"]
[EventDate "2019.06.05"]
[EventType "tourn"]
[EventCountry "USA"]
[SourceTitle "playchess.com"]
[Source "ChessBase"]
[SourceQuality "1"]

{[%evp 10,86,16,-7,18,-14,0,0,6,20,8,25,12,10,12,8,8,0,18,4,9,13,33,37,31,29,27,32,37,41,33,24,40,20,52,38,60,52,43,5,5,7,0,0,0,0,14,0,0,0,0,0,0,0,0,-5,0,0,0,-51,0,-25,0,0,0,0,0,0,0,0,0,0,0,0,0,0,0,0,0]} 1. Nf3 d5 2. g3 g6 3. Bg2 Bg7 4. d4 Nf6 5. O-O O-O 6. c3 a5 $146 {D02: 1 d4 d5 2 Nf3 sidelines, including 2...Nf6 3 g3 and 2...Nf6 3 Bf4} (6... c6 7. Bf4 Nh5 8. Bg5 h6 9. Be3 Nd7 10. Nbd2 f5 11. c4 g5 12. cxd5 cxd5 13. Nb1 e6 14. Nc3 a6 {½-½ (59) Matlakov,M (2692)-Inarkiev,E (2692) Sharjah 2019}) ({Predecessor:} 6... c6 7. Re1 Bf5 8. Nbd2 {½-½ (8) Boguszlavszkij,J (2280)-Letay,G (2195) Budapest 2003}) 7. Nbd2 c6 8. Re1 Bf5 9. Nh4 Be6 10. e4 dxe4 11. Nxe4 Nxe4 12. Bxe4 Nd7 13. Ng2 Nf6 14. Bc2 Bg4 15. f3 Bf5 (15... Bd7 {is more complex.} 16. a4 Re8 17. Bb3 Qb6 18. Ne3 Qc7) 16. Bxf5 gxf5 17. Bg5 e6 18. Nf4 h6 19. Bh4 Qd6 20. Kg2 Kh7 21. a4 Rg8 22. Qb3 Qc7 23. Qc4 Rac8 24. Re2 Nd5 25. Nxd5 cxd5 26. Qxc7 Rxc7 27. g4 f4 28. Kf2 Bf8 29. Bf6 Bd6 30. h4 Kg6 31. Be5 Bxe5 32. Rxe5 $11 {[%mdl 4096] Endgame KRR-KRR} Rc6 33. h5+ Kf6 34. Re2 (34. Ra2 $11) 34... Ke7 ({Better is} 34... Rb8 $15) 35. Rc1 Kd7 36. Ke1 {The position is equal.} f6 37. Kd2 Rb8 38. Ra1 Rbc8 39. Rc1 Rb6 40. Kc2 Rbc6 41. Kd3 Rb6 42. Kc2 Rbc6 43. Kd3 Rb6 {Accuracy: White = 57%, Black = 51%.} 1/2-1/2

[Event "CCCSA GM Norm A 2019"]
[Site "Charlotte"]
[Date "2019.06.06"]
[Round "1"]
[White "Ostrovskiy, Aleksandr"]
[Black "Hong, Andrew"]
[Result "0-1"]
[WhiteElo "2436"]
[BlackElo "2414"]
[Annotator "TA"]
[PlyCount "70"]
[EventDate "2019.06.05"]
[EventType "tourn"]
[EventCountry "USA"]
[SourceTitle "playchess.com"]
[Source "ChessBase"]
[SourceQuality "1"]

{[%evp 11,90,0,6,0,0,0,0,-17,-16,-14,0,0,0,0,-8,-37,-18,-25,-33,-45,-9,-16,13,20,9,14,60,62,56,59,50,0,6,10,33,17,31,0,49,0,0,-16,-42,-43,-42,-35,-46,-50,-57,-57,-62,-55,-33,-29,-35,-41,-41,-239,-145,-258,-242,-222,-187,-324,-329,-443,-440,-468,-468,-513,-510,-727,-693,-656,-650,-847,-337,-888,-884,-868,-847]} 1. c4 e6 2. Nf3 d5 3. g3 dxc4 ({Predecessor:} 3... Nf6 4. Bg2 dxc4 5. Qa4+ Nbd7 6. O-O a6 7. Nc3 c5 8. Qxc4 b5 9. Qb3 {0-1 (35) Muhtarov,L (2230)-Pavasovic,D (2460) Nova Gorica 1997}) 4. Qa4+ Nd7 5. Bg2 a6 6. Qxc4 b5 7. Qb3 $146 {A13: English Opening: 1...e6} (7. Qc2 Bb7 8. O-O Ngf6 9. d3 c5 10. e4 Be7 11. Nc3 Rc8 12. a4 b4 13. Nd1 c4 14. dxc4 Bxe4 15. Qe2 O-O 16. Ne3 Nc5 17. Rd1 Qc7 {½-½ (56) Ding,L (2766)-Fressinet,L (2700) Huaian 2016}) 7... Bb7 8. O-O Ngf6 9. Nc3 {The position is equal.} c5 10. d3 Be7 11. a4 c4 12. dxc4 Nc5 13. Qd1 b4 14. Nb1 Qxd1 15. Rxd1 Nb3 16. Ra2 $1 Be4 ({Don't play} 16... Nxc1 17. Rxc1 O-O 18. Nbd2 $14) 17. Nbd2 Bc2 18. Re1 Nxc1 19. Rxc1 b3 20. Raa1 O-O-O 21. Nf1 Bc5 22. e3 Rd7 23. Ne1 Bg6 24. a5 (24. Rc3 {feels hotter.} Rhd8 25. Bf3 Bb4 26. Rxb3 a5 27. Rc1) 24... Ne4 25. Bxe4 Bxe4 26. Rc3 Rhd8 27. f3 Bc6 28. Rxb3 Rd1 29. Rxd1 Rxd1 30. Kf2 Ba4 31. Rd3 {Threatens to win with b3.} Rb1 32. b3 $1 {[%cal Rb3a4][%mdl 64] [#] Decoy} Bxb3 {And now ...Bd1 would win.} 33. Nd2 Rb2 $36 {[%mdl 2048] ...Bxc4 is the strong threat. Black fights for an advantage.} 34. Kf1 $2 (34. Rxb3 $15 Rxd2+ 35. Kf1) 34... Ba2 {Hoping for ...Bb4.} 35. f4 (35. Ne4 $17 Bb4 36. c5) 35... Kc7 {Played: Bc5-b4} 0-1

[Event "CCCSA GM Norm A 2019"]
[Site "Charlotte"]
[Date "2019.06.06"]
[Round "1"]
[White "Yoo, Christopher Woojin"]
[Black "Wang, Tianqi"]
[Result "1/2-1/2"]
[WhiteElo "2416"]
[BlackElo "2310"]
[Annotator "TA"]
[PlyCount "129"]
[EventDate "2019.06.05"]
[EventType "tourn"]
[EventCountry "USA"]
[SourceTitle "playchess.com"]
[Source "ChessBase"]
[SourceQuality "1"]

{[%evp 11,129,20,26,19,13,11,14,0,14,0,0,6,20,10,26,17,20,22,30,30,61,60,62,7,76,23,61,34,47,27,58,58,51,27,27,27,26,25,28,28,50,16,26,0,18,0,14,5,24,3,0,0,0,0,0,0,0,0,0,0,0,0,0,0,0,0,0,0,0,0,0,0,0,0,0,0,0,0,0,0,0,0,0,0,0,0,0,0,0,0,0,0,0,0,0,0,0,0,0,0,0,0,0,0,0,0,0,0,0,0,0,0,0,0,0,0,0,0,0,0]} 1. e4 e5 2. Nf3 Nc6 3. Bb5 Nf6 4. d3 Bc5 5. c3 O-O 6. O-O d6 7. Re1 $146 {C65: Ruy Lopez: Berlin Defence (3...Nf6), unusual lines and 4 0-0 Bc5} (7. Ba4 Ne7 8. Bc2 Ng6 9. d4 Bb6 10. a4 c6 11. dxe5 Nxe5 12. Nxe5 dxe5 13. Qxd8 Rxd8 14. a5 Bc5 {1-0 (39) Carlsen,M (2845)-Grischuk,A (2771) Shamkir 2019}) 7... a6 8. Ba4 Ba7 9. h3 Ne7 10. Bc2 Ng6 11. d4 h6 12. Nbd2 Be6 13. Nf1 Re8 14. Ng3 c6 15. Be3 Qc7 16. Qc1 Kh7 17. Nf5 ({White should play} 17. a4 $14) 17... Ng8 (17... exd4 $11 {keeps the balance.} 18. N3xd4 (18. N5xd4 Bd7 $11) (18. Bxd4 Bxf5 19. exf5 Ne5 $15) 18... Bxf5 19. Nxf5 (19. exf5 Ne7 $11) 19... Bxe3 20. Rxe3 d5) 18. Bd3 (18. a4 $16) 18... Kh8 19. Qc2 Bb6 20. c4 (20. a4 {is more complex.} d5 21. exd5 cxd5 22. dxe5 Bxe3 23. Nxe3 Nxe5 24. Nxe5 Qxe5 25. Nf5) 20... Bxf5 21. exf5 exd4 22. Bxd4 Ne5 23. Bxe5 dxe5 24. c5 Ba7 25. b4 Rad8 26. Rad1 Nf6 {Hoping for ...e4!} 27. Be4 Kg8 28. a3 Bb8 29. Nd2 Qe7 30. Nb3 Bc7 {The position is equal.} 31. a4 Nxe4 32. Qxe4 Rxd1 33. Rxd1 Rd8 34. Rd3 Rxd3 35. Qxd3 Qh4 36. Qd7 {Qe8+ is the strong threat.} Qxb4 37. Qe8+ {[#]} Kh7 $1 {( -> ...Qe1+)} 38. Qxf7 {Intending f6 and mate.} Bd8 39. Qg6+ Kh8 40. Qe8+ Kh7 41. Qg6+ Kh8 42. Qe8+ Kh7 43. Qxd8 Qxb3 $11 {[%mdl 4096] Endgame KQ-KQ} 44. Qd7 {aiming for f6.} Qb1+ 45. Kh2 {And now f6 would win.} Qe4 46. g4 Qxa4 47. Qxb7 Qf4+ 48. Kg1 Qf3 49. Qf7 e4 50. Qg6+ {[%mdl 64] [#] Double Attack} Kh8 $1 51. Qe8+ Kh7 52. Qg6+ Kh8 $1 53. f6 gxf6 54. Qe8+ Kg7 55. Qxc6 Qd1+ 56. Kh2 Qe2 57. Qc7+ Kg6 58. Qf4 {Strongly threatening c6.} e3 59. Qf5+ (59. Qxe3 $2 Qxe3 60. fxe3 Kf7 $19) 59... Kg7 60. Qd7+ Kg6 61. Qe8+ {[%mdl 64] Double Attack} Kg7 62. Qe7+ Kg6 63. Qe8+ (63. Qxe3 Qxe3 64. fxe3 Kf7 $19) 63... Kg7 64. Qe7+ ({Wrong is} 64. Qxe3 $2 Qxe3 65. fxe3 Kf7 $19) 64... Kg6 65. Qe8+ {Accuracy: White = 56%, Black = 61%.} ({Not} 65. Qxe3 $2 Qxe3 66. fxe3 Kf7 $19) 1/2-1/2

[Event "CCCSA GM Norm A 2019"]
[Site "Charlotte"]
[Date "2019.06.06"]
[Round "2.1"]
[White "Ringoir, Tanguy"]
[Black "Ostrovskiy, Aleksandr"]
[Result "1/2-1/2"]
[WhiteElo "2500"]
[BlackElo "2437"]
[Annotator "RC"]
[PlyCount "29"]
[EventDate "2019.06.05"]
[EventType "tourn"]
[EventCountry "USA"]
[SourceTitle "playchess.com"]
[Source "ChessBase"]
[SourceQuality "1"]
[TimeControl "5400+30"]

1. d4 {[%emt 0:00:00]} d5 {[%emt 0:02:47]} 2. c4 {[%emt 0:00:00]} e6 {[%emt 0:00:29]} 3. Nf3 {[%emt 0:00:00]} Nf6 {[%emt 0:00:12]} 4. g3 {[%emt 0:00:00]} dxc4 {[%emt 0:02:14]} 5. Bg2 {[%emt 0:00:00]} Bb4+ {[%emt 0:00:41]} 6. Bd2 {[%emt 0:00:07]} c5 {[%emt 0:00:10]} 7. Bxb4 {[%emt 0:00:33]} cxb4 {[%emt 0:00:08]} 8. Ne5 {[%emt 0:00:04]} O-O {[%emt 0:01:20]} 9. a3 {[%emt 0:00:04]} Nd5 {[%emt 0:01:17]} 10. Nxc4 {[%emt 0:10:44]} b5 {[%emt 0:01:22]} 11. Ne5 {[%emt 0:01:44]} Bb7 {[%emt 0:00:56]} 12. O-O {[%emt 0:00:27]} bxa3 {[%emt 0:17:49]} 13. Nxa3 {[%emt 0:01:15]} a6 {[%emt 0:00:52]} 14. Nc2 {[%emt 0:03:28]} Nd7 {[%emt 0:07:20]} 15. Nd3 {[%emt 0:01:02]} 1/2-1/2

[Event "CCCSA GM Norm A 2019"]
[Site "Charlotte"]
[Date "2019.06.06"]
[Round "2.2"]
[White "Wang, Tianqi"]
[Black "Jacobson, Brandon"]
[Result "1-0"]
[WhiteElo "2333"]
[BlackElo "2486"]
[Annotator "TA"]
[PlyCount "59"]
[EventDate "2019.06.05"]
[EventType "tourn"]
[EventCountry "USA"]
[SourceTitle "playchess.com"]
[Source "ChessBase"]
[SourceQuality "1"]

{[%evp 9,59,10,18,14,11,0,29,16,21,4,9,0,0,0,56,3,8,16,16,0,31,0,0,0,0,-1,35,20,20,20,20,20,20,30,142,142,562,561,557,556,543,522,515,510,817,800,29986,29987,29987,29988,29991,29992]} 1. Nf3 g6 2. e3 Bg7 3. d4 c5 4. c3 cxd4 (4... d6 5. Be2 Nf6 6. O-O O-O 7. a4 Nbd7 8. Na3 d5 9. Qb3 a6 10. c4 e6 11. Rd1 Qc7 12. Bd2 {½-½ (79) Granda Zuniga,J (2647)-Felgaer,R (2579) Buenos Aires 2012}) 5. cxd4 Nf6 6. Nc3 {A40: Unusual replies to 1 d4} O-O 7. Be2 b6 8. O-O {White has an edge.} Bb7 9. Bd2 d6 10. Qb3 $146 ({Predecessor:} 10. Rc1 Nbd7 11. Nb5 a6 12. Nc3 Rc8 13. b4 {0-1 (43) Guterman,I (1883)-Dilmukhametov,A (2157) Nizhnij Tagil 2014}) 10... Nc6 11. Rfd1 e5 (11... e6 $11) 12. dxe5 ({White should play} 12. d5 $14 Nb8 13. e4) 12... dxe5 $11 13. Be1 Qe7 $1 14. Rac1 e4 15. Nd4 Nxd4 16. Rxd4 Nd7 {...Nc5 is the strong threat.} 17. Nd5 Qg5 18. Rdd1 {[#] Strongly threatening Bb4.} Rac8 19. Rxc8 Rxc8 20. Nf4 Ne5 21. Bc3 {Hoping for Bxe5.} Qf5 (21... Rd8 $11 {keeps the balance.}) 22. Qa3 $16 {Threatens to win with Qe7.} a5 $2 {[%mdl 8192]} (22... Nd3 $16 {is tougher.}) 23. Qe7 $18 Bc6 24. Rd8+ Rxd8 25. Qxd8+ {[%mdl 64] [#] Double Attack} Bf8 26. Qc7 f6 (26... Nf3+ $142 27. gxf3 exf3) 27. Bxe5 {Intending Bc4+ and mate.} fxe5 28. Bc4+ {White mates.} Kh8 29. Ne6 Bb5 30. Nxf8 {Accuracy: White = 45%, Black = 45%.} 1-0

[Event "CCCSA GM Norm A 2019"]
[Site "Charlotte"]
[Date "2019.06.06"]
[Round "2.3"]
[White "Gauri, Shankar"]
[Black "Yoo, Christopher Woojin"]
[Result "1/2-1/2"]
[WhiteElo "2378"]
[BlackElo "2430"]
[Annotator "TA"]
[PlyCount "202"]
[EventDate "2019.06.05"]
[EventType "tourn"]
[EventCountry "USA"]
[SourceTitle "playchess.com"]
[Source "ChessBase"]
[SourceQuality "1"]

{[%evp 13,202,15,23,21,48,30,39,30,56,34,42,49,41,29,32,28,32,38,38,39,42,33,36,29,83,60,66,71,85,74,89,89,89,89,90,82,355,348,354,359,356,262,283,285,181,8,29,0,83,83,83,83,97,80,80,80,80,0,80,80,80,89,97,97,97,93,93,86,119,80,243,100,134,100,100,102,99,91,91,91,103,91,281,266,266,267,267,266,266,80,80,0,266,266,255,0,0,0,0,0,0,0,0,0,0,0,0,0,0,0,0,0,0,0,0,0,0,0,0,0,0,0,0,0,0,0,0,0,0,0,0,0,0,0,0,0,0,0,0,0,0,0,0,0,0,0,0,0,0,0,0,0,0,0,0,0,0,0,0,0,0,0,0,0,0,0,0,0,0,0,0,0,0,0,0,0,0,0,0,0,0,0,0,0,0,0,0,0,0,0,0]} 1. Nf3 Nf6 2. g3 g6 3. Bg2 Bg7 4. c4 O-O 5. Nc3 d5 6. cxd5 Nxd5 7. h4 h6 8. O-O {A16: English Opening: 1...Nf6 with ...d5} Nc6 9. d4 Nb6 10. d5 {White is slightly better.} Na5 11. e4 $146 ({Predecessor:} 11. Bf4 c6 12. Qc1 Nxd5 13. Nxd5 Qxd5 14. Bxh6 Nc4 15. Bxg7 Kxg7 {1-0 (34) Berczes,D (2526)-Kiewra,K (2415) Richardson 2013}) 11... Bg4 12. Qe1 c6 {[%cal Rc6d5]} 13. Nh2 Bd7 14. b3 cxd5 15. exd5 e6 16. dxe6 Bxe6 17. Ba3 $36 {[%mdl 2048] Threatens to win with Rd1. White has the initiative.} Re8 18. Rd1 Bd5 (18... Qc8 $11 19. Nb5 Bd5 20. Qxa5 Bxg2 21. Kxg2 Qc6+ 22. Nf3 Re5) 19. Nxd5 Rxe1 20. Rfxe1 Nxd5 21. Bxd5 Qb6 22. Re7 {[%mdl 1024] White has strong compensation.} Rf8 23. Ng4 $1 h5 24. Ne3 Bc3 $2 {[%mdl 8192]} (24... Qa6 $16) 25. Re4 $1 $18 Rd8 26. Be7 $1 {[%cal Re7d8]} Re8 {and if ...Qa6 works, Black does fine.} 27. Bc5 Qxc5 28. Rxe8+ Kg7 29. Rd8 $2 ({White should play} 29. Re4 $1 $18 {And now Rc1 would win.} f5 30. Re6) 29... Bd4 $1 $11 {[%cal Rd4e3]} 30. Rd3 {Hoping for Rd7.} (30. Rxd4 $5 Qxd4 31. Rd7 $14 {[%mdl 64] Double Attack}) 30... Nc6 (30... Qe7 $11 {remains equal.} 31. Ra8 Qe5) 31. Bxc6 $1 $16 Bxe3 32. Rxe3 Qxc6 {[%mdl 4096] Endgame KQ-KRR} 33. a4 Qc1+ 34. Kg2 Qc6+ 35. Kg1 Qc1+ $1 36. Kh2 $1 Qc2 {[#]} 37. Rf3 $1 Qe2 38. Rdd3 Qe4 39. Rde3 Qd5 40. Rf4 a6 41. b4 Kf8 $2 {[#]} (41... Qd7 $16 {was necessary.}) 42. a5 (42. Rf6 $1 $18 {and the rest is easy.}) 42... Qc6 43. Ref3 f5 44. Re3 Kf7 45. Rd4 Kf6 46. Red3 {Black must now prevent Rd6+.} Ke7 47. Rd5 Qc7 $2 (47... Ke6 $16 {might work better.} 48. Rc5 Qa4) 48. Rc5 $18 Qb8 49. f4 b6 50. Re5+ Kf6 {If Black can now play ...bxa5 this consolidates a bit.} 51. Rde3 $2 (51. Red5 $18 {has better winning chances.} bxa5 52. Rd7 (52. Rxa5 Qb6 $16) (52. bxa5 Kg7 $16)) 51... bxa5 $16 52. bxa5 ({Better is} 52. Rxa5 $16 Qd6 53. Re2) 52... Qb2+ $2 {[%mdl 8192]} (52... Kg7 $11 {and Black stays safe.}) 53. Re2 $18 Qb3 54. Rc5 $2 ({Only move:} 54. Re7 $18) 54... Qf3 $11 {The position is equal.} 55. Rec2 {aiming for Rc6+.} Kg7 56. Rc7+ (56. R5c3 {is more complex.} Qf1 57. Rb2 Kh6 58. Rcc2 Qf3 59. Rg2) 56... Kh6 57. Re7 Qf1 $1 58. Re6 Kg7 59. Re5 Kh6 60. Rg2 Kg7 61. Re7+ Kh6 62. Ree2 Qb1 63. Rb2 Qa1 (63... Qf1 {is interesting.} 64. Rbd2 Qf3 65. Rgf2 Qc3 66. Ra2 Qd4) 64. Ra2 Qb1 65. Rge2 Qf1 66. Rad2 Kg7 67. Re7+ Kh6 68. Rde2 Qf3 69. R7e3 Qf1 70. Re1 Qf2+ 71. Kh3 Qd2 72. Re5 Qf2 73. R5e2 (73. Ra1 {keeps more tension.} Qd4 74. Rae1 Qc3 75. R1e2 Qd3 76. Re1) 73... Qf3 74. Kh2 Qc3 75. Re5 Qf3 76. Rg1 Qf2+ 77. Rg2 Qf1 78. Re7 Qf3 79. Re6 Qf1 80. Rd6 Kg7 81. Rd7+ Kh6 82. Rc2 Qf3 83. Ra7 Qd3 84. Rac7 Qf1 85. R7c5 Qf3 86. R5c3 Qf1 87. Rd2 Qe1 88. Rcd3 Qf1 89. Re3 Qb5 90. Re7 Qf1 91. Re5 Qf3 92. Rg2 Qf1 93. Ree2 Qb1 94. Rgf2 (94. Re5 {seems wilder.} Qd3 95. Rb2 Qd4 96. Rg2 Qc3 97. Rf2) 94... Qa1 95. Re5 Qd1 96. Kg2 Qb1 97. Rfe2 Qb7+ 98. Kf2 Qh1 99. R2e3 Qh2+ 100. Kf3 Qd2 101. Re2 Qd3+ {Accuracy: White = 63%, Black = 70%.} 1/2-1/2